Charleston curiosities : (Record no. 127088)
[ view plain ]
| 000 -LEADER | |
|---|---|
| campo de control de longitud fija | 02140nam a22002417a 4500 |
| 003 - IDENTIFICADOR DE NÚMERO DE CONTROL | |
| campo de control | BJBSDDR |
| 005 - FECHA Y HORA DE LA ÚLTIMA TRANSACCIÓN | |
| campo de control | 20260514115851.0 |
| 007 - CAMPO FIJO DE DESCRIPCIÓN FÍSICA--INFORMACIÓN GENERAL | |
| campo de control de longitud fija | ta |
| 008 - DATOS DE LONGITUD FIJA--INFORMACIÓN GENERAL | |
| campo de control de longitud fija | 260514s2008 xxu||||| |||| 00| 0 eng d |
| 020 ## - NÚMERO INTERNACIONAL ESTÁNDAR DEL LIBRO | |
| Número Internacional Estándar del Libro | 9781596295117 |
| 020 ## - NÚMERO INTERNACIONAL ESTÁNDAR DEL LIBRO | |
| Número Internacional Estándar del Libro | 1596295112 |
| 040 ## - FUENTE DE CATALOGACIÓN | |
| Lengua de catalogación | spa |
| Centro/agencia transcriptor | BJBSDDR |
| 041 ## - CÓDIGO DE IDIOMA | |
| Código de lengua del texto/banda sonora o título independiente | eng |
| 050 ## - SIGNATURA TOPOGRÁFICA DE LA BIBLIOTECA DEL CONGRESO | |
| Número de ítem | C682 2008 |
| 100 1# - ENTRADA PRINCIPAL--NOMBRE DE PERSONA | |
| Nombre de persona | Coker, Mike |
| 9 (RLIN) | 48437 |
| 245 10 - MENCIÓN DEL TÍTULO | |
| Título | Charleston curiosities : |
| Resto del título | stories of the tragic, heroic, and bizarre / |
| Mención de responsabilidad, etc. | Mike Coker |
| 260 ## - PUBLICACIÓN, DISTRIBUCIÓN, ETC. | |
| Lugar de publicación, distribución, etc. | Charleston, United States : |
| Nombre del editor, distribuidor, etc. | History Press, |
| Fecha de publicación, distribución, etc. | 2008 |
| 300 ## - DESCRIPCIÓN FÍSICA | |
| Extensión | 159 pages : |
| Otras características físicas | illustrations ; |
| Dimensiones | 22 cm |
| 505 ## - NOTA DE CONTENIDO CON FORMATO | |
| Nota de contenido con formato | <br/>The invasion of Charles Town, 1706<br/>The Stono Rebellion, 1739<br/>Elizabeth Timothy : the first female newspaper publisher in the United States<br/>The other battle of Fort Moultrie : Colonel Thomson's defense of Breach Inlet<br/>The execution of Isaac Hayne, August 4, 1781<br/>The battle of Parker's Ferry, 1781<br/>In broad daylight : the murder of Dr. David Ramsay<br/>The attempted Booth assassination, 1838<br/>Osceola : Seminole warrior, casualty of war<br/>The strange afterlife of John C. Calhoun<br/>Secession, 1860<br/>To take Charleston : the battle of Secessionville<br/>David versus Goliath, 1863<br/>The battle of Honey Hill<br/>The fall of Fort Sumter, 1865<br/>The Charleston dance craze<br/>William Deas : inventor of she-crab soup |
| 520 ## - RESUMEN, ETC. | |
| Sumario, etc. | To escape death the slaves hid. So begins ""Insurrection on the Stono,"" the story of a 1739 slave rebellion on the outskirts of the city. Charleston's violent and varied history emerges in the retelling of this dramatic event. In Charleston Curiosities: Stories of the Tragic, Heroic and Bizarre, South Carolina Historical Society's Michael Coker describes several centuries' worth of little-known wonders from the Holy City. Whatever happened to Osceola's head? What was it like to walk the streets of Charleston just after secession was declared? Whether presenting the colonial struggle among European powers for control of Charles Towne or the real story of the birth of she-crab soup, this eclectic and engaging volume will delight seasoned historians, residents and visitors alike. |
| 942 ## - ELEMENTOS DE ENTRADA SECUNDARIOS (KOHA) | |
| Fuente del sistema de clasificación o colocación | Clasificación de Library of Congress |
| Suprimir en OPAC | No |
| Tipo de ítem Koha | Libro |
| 946 ## - PROCESAMIENTO DE INFORMACIÓN LOCAL (OCLC) | |
| Iniciales del agente catalogador | cmc |
| Estatus retirado | Estado de pérdida | Fuente del sistema de clasificación o colocación | Estado de daño | No para préstamo | Colección | Biblioteca de origen | Biblioteca actual | Ubicación en estantería | Fecha de adquisición | Signatura topográfica completa | Código de barras | Visto por última vez | Copia número | Tipo de ítem Koha |
|---|---|---|---|---|---|---|---|---|---|---|---|---|---|---|
| Clasificación de Library of Congress | Automatización y Procesos Técnicos | Biblioteca Juan Bosch | Biblioteca Juan Bosch | Automatización y Procesos Técnicos (1er. Piso) | 14/05/2026 | C682 2008 | 00000199796 | 14/05/2026 | 1 | Libro |
